Pla d'emergència davant del foc : instruccions per als usuaris de l'edifici de Can Serra instruccions per als usuaris de l'edifici de Can Serra
Publicado:
Barcelona :
Diputació de Barcelona, Xarxa de Municipis, Àrea de Règim Interior, Hisenda i Planificació ,
2001
Descripción Física:
[4] p. : il. ; 21 cm
MARC
| LEADER | 00000nam a2200000Ia 4500 | ||
|---|---|---|---|
| 001 | 14964 | ||
| 008 | 160829s2001 xx 000 0 cat d | ||
| 080 | |a FU-31-85 | ||
| 245 | |a Pla d'emergència davant del foc : |b instruccions per als usuaris de l'edifici de Can Serra | ||
| 260 | |a Barcelona : |b Diputació de Barcelona, Xarxa de Municipis, Àrea de Règim Interior, Hisenda i Planificació, |c 2001 | ||
| 300 | |a [4] p. : |b il. ; |c 21 cm | ||
| 590 | |a A la contraportada: Servei de Logística, Secció de Seguretat | ||
| 650 | |a Can Serra |9 30566 | ||
| 650 | 0 | |a Incendis |x Prevenció |9 49592 | |
| 650 | |a Edificis públics |x Incendis i prevenció d'incendis |9 36243 | ||
| 710 | |a Barcelona (Catalunya : Província). |b Àrea de Règim Interior, Hisenda i Planificació |9 53667 | ||
| 901 | |a Arxiu | ||
| 942 | |n 1 | ||
| 952 | |0 0 |1 0 |4 0 |6 FU3185 |7 1 |9 48693 |a Arxiu |b Arxiu |d 2016-12-01 |l 0 |o FU-31-85 |p 14964 |r 2016-12-01 00:00:00 |w 2016-12-01 |y ARXIU | ||
| 999 | |c 52523 |d 52523 | ||